Química

Gespeichert in:
Bibliographische Detailangaben
1. Verfasser: Otero Montero, Antonio.Profesor de Universidad
Weitere Verfasser: Royo García, Pascual.Catedrático de Universidad Serrano Roche, Ricardo.Profesor de Universidad
Format: keine Angabe
Sprache:Spanisch
Erschienen: Madrid Santillana ♭ 1982
Katalog:MANES:  Suchergebnis im Bibliothekskatalog
Schulbuchspezifische Eigenschaften:
Schlagworte:
Tags: Tag hinzufügen
Keine Tags, Fügen Sie den ersten Tag hinzu!
Hinzugefügt zu:26.04.2016

MARC

LEADER 000000000a22000000004500
001 38932
008 160427s sp ||||| |||| 00| 0 spa d
040 |a MANES  |c manes 
100 1 |a Otero Montero, Antonio.Profesor de Universidad 
245 0 0 |a Química 
260 |a Madrid  |b Santillana  |c ♭ 1982 
300 |a 414 p.  |c 24 x 20 cm 
546 |a España 
655 7 |a Secundaria 
700 1 |a Royo García, Pascual.Catedrático de Universidad  |a Serrano Roche, Ricardo.Profesor de Universidad 
942 |2 ddc  |c BK 
999 |c 43519  |d 43519 
999 |c manes:43519  |d 43519